Ziehe die Küste Europas mit einer Karte nach - Statistiken

Allgemein
  • Dieses Quiz wurde 18.452 mal gespielt
  • Das Durchschnittsergebnis liegt bei 23 aus 39
Antworten auf der Karte
Die Antworten werden auf der Karte rot bzw. grün angezeigt, abhängig davon wie oft sie richtig erraten wurden.
 
Antwortstatistiken
Land % Korrekt
Russland
100%
Norwegen
72%
Finnland
71%
Schweden
71%
Estland
64%
Lettland
64%
Litauen
64%
Russland
64%
Belgien
63%
Dänemark
63%
Deutschland
63%
Deutschland
63%
Frankreich
63%
Niederlande
63%
Polen
63%
Portugal
63%
Spanien
63%
Spanien
63%
Russland
62%
Frankreich
59%
Italien
59%
Frankreich
58%
Monaco
58%
Spanien
58%
Kroatien
57%
Slowenien
57%
Bosnien und Herzegowina
56%
Gibraltar
56%
Albanien
51%
Griechenland
51%
Montenegro
51%
Kroatien
50%
Türkei
49%
Bulgarien
47%
Rumänien
47%
Russland
45%
Ukraine
45%
Russland
41%
Ukraine
41%
Keine übereinstimmenden Quizze gefunden
Verteilung der Resultate
Anzahl Personen mit jedem Resultat
Perzentil nach korrekt beantworteten Fragen
Ihre Resultats-Entwicklung
Sie haben dieses Quiz noch nicht gespielt